000 00808nam a2200229Ia 4500
001 2631
003 GE_BSU
008 181216s||||||||xx |||||||||||||| ||und||
020 _a9992882908
040 _cGE_BSU
080 _a327(450.34)+327(450.521)+94(450),,12/14''
100 _aხუბაშვილი, ია.
245 _aვენეციისა და ფლორენციის დიპლომატია XIII-XV საუკუნეებში
245 _c[რედ.გ. კუტალაძე]
260 _aთბილისი
260 _bმერიდიანი
260 _c2004
300 _a287 გვ.
541 _h8 ლ.
653 _aვენეციისა და ფლორენციის დიპლომატია
942 _cBK
999 _c36702
_d36702